Principles of Transistor circuits (Record no. 77361)

MARC details
000 -LEADER
fixed length control field 01253nam a2200217 a 4500
008 - FIXED-LENGTH DATA ELEMENTS--GENERAL INFORMATION
fixed length control field 120416s0000 ||||||||||||||||| || u
020 ## - INTERNATIONAL STANDARD BOOK NUMBER
International Standard Book Number 0592028355
050 ## - LIBRARY OF CONGRESS CALL NUMBER
Classification number TK 7871.9 Amo
100 ## - MAIN ENTRY--PERSONAL NAME
Personal name Amos, S. W
245 10 - TITLE STATEMENT
Title Principles of Transistor circuits
246 ## -
-- introduction to the design of amplifiers, receivers and other circuits
250 ## - EDITION STATEMENT
Edition statement 4th. ed
260 ## - PUBLICATION, DISTRIBUTION, ETC.
Place of publication, distribution, etc. London
Name of publisher, distributor, etc. Butterworths
Date of publication, distribution, etc. 1972
300 ## - PHYSICAL DESCRIPTION
Extent vi, 310p. : ill
350 ## -
-- 0.00
995 ## -
-- ANNEX COLLECTION (Main Library)
-- 0.00
-- 711834
-- CBU-MAIN LIBRARY (Kitwe)
-- 1
-- 3.00
-- TK 7871.9 Amo
-- AVAILABLE
-- 016460
-- Annex Low-Usage Collection
995 ## -
-- MAIN LIBRARY OPEN ACCESS
-- 0.00
-- 711833
-- CBU-MAIN LIBRARY (Kitwe)
-- 4
-- 3.00
-- TK 7871.9 Amo
-- AVAILABLE
-- 016462
-- Main Library Open Access Collection
995 ## -
-- ANNEX COLLECTION (Main Library)
-- 0.00
-- 711832
-- CBU-MAIN LIBRARY (Kitwe)
-- 2
-- 3.00
-- TK 7871.9 Amo
-- AVAILABLE
-- 016459
-- Annex Low-Usage Collection
995 ## -
-- ANNEX COLLECTION (Main Library)
-- 0.00
-- 711831
-- CBU-MAIN LIBRARY (Kitwe)
-- 3
-- 3.00
-- TK 7871.9 Amo
-- AVAILABLE
-- 016461
-- Annex Low-Usage Collection
995 ## -
-- TEXTBOOKS (CHEM.ENG.)
-- 0.00
-- 3660
-- CBU-SCHOOL TEXTBOOK COLLECTIONS
-- 1
-- 0.00
-- SCHOOL TEXTBOOK
-- 5
-- AVAILABLE
-- Sep 2, 2009
-- 3660
-- School Collections
999 ## -
-- 77361
-- 77361
Holdings
Withdrawn status Lost status Source of classification or shelving scheme Damaged status Not for loan Permanent Location Current Location Date acquired Full call number Barcode Date last seen Copy number Price effective from Koha item type Shelving location Total Checkouts
Withdrawn         CBU-MAIN LIBRARY, KITWE. CBU-MAIN LIBRARY, KITWE. 04/25/2023 TK 7871.9 Amo 016460 04/25/2023 1 04/25/2023 MONOGRAPH    
          CBU-MAIN LIBRARY, KITWE. CBU-MAIN LIBRARY, KITWE. 04/25/2023 TK 7871.9 Amo 016462 04/25/2023 2 04/25/2023 MONOGRAPH    
          CBU-MAIN LIBRARY, KITWE. CBU-MAIN LIBRARY, KITWE. 04/25/2023 TK 7871.9 Amo 016459 04/25/2023 3 04/25/2023 MONOGRAPH    
          CBU-MAIN LIBRARY, KITWE. CBU-MAIN LIBRARY, KITWE. 04/25/2023 TK 7871.9 Amo 016461 04/25/2023 4 04/25/2023 MONOGRAPH    
          CBU-SCHOOL TEXT BOOK COLLECTION CBU-SCHOOL TEXT BOOK COLLECTION 04/25/2023 SCHOOL TEXTBOOK 3660 04/25/2023 5 04/25/2023 MONOGRAPH